• 首页
  • 本馆介绍
  • 公告通知
  • 最新文献
  • 馆藏检索
  • 电子资源
  • 读者导购
  • 参考咨询
  • 我的图书馆
  • 登录
  • 详细信息显示
  • 放入我的书架
  • 预约/预借图书
  • 作者相关作品
  • 分类相关作品
  • 丛书相关作品
  • 出版社相关作品

书目信息

  • 表格格式
  • 工作单格式
  • 卡片格式
题名:
刀具的原理与使用
    
 
作者: 陈章燕 编著
分册:  
出版信息: 北京   人民出版社  1974.09
页数: 248页
开本: 20cm
丛书名:
单 册:
中图分类: TG71
科图分类:
主题词: 刀具(金属切削)
电子资源:
ISBN:
000 00592nam0 2200217 450
001 0652586140
005 20061123143808.07
010    @dCNY0.57
091    @a15071.3
100    @a20061123d1974 km y0chiy0120 ea
101 0  @achi
102    @aCN@b110000
102    @aCN@b110000
200 1  @a刀具的原理与使用@Adao ju de yuan li yu shi yong@f陈章燕编著@Fchen zhang yan bian zhu
210    @a北京@c人民出版社@d1974.09
215    @a248页@d20cm
606 0  @a刀具(金属切削)
690    @aTG71@v3
701  0 @a陈章燕@Achen zhang yan@4编著
801  0 @aCN@bPFT@c20061123
905    @a10447@dTG71@e5
    
    刀具的原理与使用/陈章燕编著.-北京:人民出版社,1974.09
    248页;20cm
    
    
    ISBN :CNY0.57
    
●
相关链接 在E读中查询图书 在五车中查询图书 在当当中查询图书 在豆瓣中查询图书


正题名:刀具的原理与使用     索取号:TG71/5         预约/预借

序号 登录号 条形码 馆藏地/架位号 状态 备注
1 0009216   001363688   第二样本阅览室/ [索取号:TG71/5] 在馆    
唐山师范学院图书馆 欢迎您!
大连网信软件有限公司© 版权所有